The Rain Maker (Record no. 16729)
[ view plain ]
| 000 -LEADER | |
|---|---|
| fixed length control field | 00243nam a22001097a 4500 |
| 008 - FIXED-LENGTH DATA ELEMENTS--GENERAL INFORMATION | |
| fixed length control field | 131217t xxu||||| |||| 00| 0 eng d |
| 020 ## - INTERNATIONAL STANDARD BOOK NUMBER | |
| International Standard Book Number | 0-09-917961-x |
| 100 ## - MAIN ENTRY--PERSONAL NAME | |
| Personal name | John Grisham |
| 9 (RLIN) | 458 |
| 245 ## - TITLE STATEMENT | |
| Title | The Rain Maker |
| 300 ## - PHYSICAL DESCRIPTION | |
| Extent | 340 |
| 942 ## - ADDED ENTRY ELEMENTS (KOHA) | |
| Source of classification or shelving scheme | |
| Koha item type | Book |
| Withdrawn status | Lost status | Source of classification or shelving scheme | Damaged status | Not for loan | Collection code | Permanent Location | Current Location | Date acquired | Total Checkouts | Full call number | Barcode | Date last seen | Date last checked out | Price effective from | Koha item type |
|---|---|---|---|---|---|---|---|---|---|---|---|---|---|---|---|
| Atta-ur-Rahman School of Applied Biosciences (ASAB) | Atta-ur-Rahman School of Applied Biosciences (ASAB) | 12/17/2013 | 1 | Fic Grisham | ASAB3064 | 03/16/2016 | 01/14/2016 | 12/17/2013 | Book |
